000 00473nam a2200169Ia 4500
005 20250508160531.0
008 008 250505s9999 xx 000 0 hin d
037 _aTextual
040 _aFEDL
_beng
_cFEDL
041 _ahin
_2hin
084 _a372, SCH
_qFEDL
245 0 _aMiddle years of schooling from 8 to 13
260 _aLondon, UK
_bHer Majesty's Stationery Office
_c1969
300 _a87p.
942 _cTEXL
_h372, SCH
999 _c1365204
_d1365204